书目信息 |
| 题名: |
标志设计
|
|
| 作者: | 楼正国 , 黄伟 , 蔡文慧 主编 | |
| 分册: | ||
| 出版信息: | 哈尔滨 哈尔滨工程大学出版社 2019.08 |
|
| 页数: | 149页 | |
| 开本: | 28cm | |
| 丛书名: | ||
| 单 册: | ||
| 中图分类: | J524.4 | |
| 科图分类: | ||
| 主题词: | 工艺美术--中国 | |
| 电子资源: | ||
| ISBN: | 978-7-5661-2403-6 | |
| 000 | 00699nam0 2200229 450 | |
| 001 | 2231793739 | |
| 005 | 20221122092937.58 | |
| 010 | @a978-7-5661-2403-6@dCNY 65.00 | |
| 100 | @a20221122d2019 km y0chiy0120 ea | |
| 101 | 0 | @achi |
| 102 | @aCN@b230000 | |
| 200 | 1 | @a标志设计@Abiao zhi she ji@f楼正国,黄伟,蔡文慧主编@Flou zheng guo,huang wei,cai wen hui zhu bian |
| 210 | @a哈尔滨@c哈尔滨工程大学出版社@d2019.08 | |
| 215 | @a149页@d28cm | |
| 300 | @a全国"十三五"规划精品教材 | |
| 606 | 0 | @a工艺美术@x中国 |
| 690 | @aJ524.4@v4 | |
| 701 | 0 | @a楼正国@Alou zheng guo@4主编 |
| 701 | 0 | @a黄伟@Ahuang wei@4主编 |
| 701 | 0 | @a蔡文慧@Acai wen hui@4主编 |
| 801 | 0 | @aCN@c20221122 |
| 905 | @dJ524.4@eL7771 | |
| 标志设计/楼正国,黄伟,蔡文慧主编.-哈尔滨:哈尔滨工程大学出版社,2019.08 |
| 149页;28cm |
| 全国"十三五"规划精品教材 |
| ISBN 978-7-5661-2403-6:CNY 65.00 |
| ● |
| 相关链接 |
|
|
|
正题名:标志设计
索取号:J524.4/L7771
 
预约/预借
| 序号 | 登录号 | 条形码 | 馆藏地/架位号 | 状态 | 备注 |
| 1 | 1275581 | 212755810 | 社科库309/309社科库 87排4列6层/ [索取号:J524.4/L7771] | 在馆 |